đŸŽ¶Paroles "Le corps des femmes" Mathilde - Statistiques

Statistiques générales
  • Ce quiz a Ă©tĂ© pris 11 fois
  • Le rĂ©sultat moyen est 304 sur 355
Statistiques - réponses
Mots % Correct
a,
100%
a
100%
Ă 
100%
C'
100%
ce
100%
Comme
100%
comme
100%
corps
100%
d'
100%
de
100%
De
100%
des
100%
en
100%
est-
100%
Est-
100%
est ?
100%
est
100%
est !
100%
Et
100%
et
100%
femme
100%
femme,
100%
femme ?
100%
femmes
100%
femmes,
100%
femmes ?
100%
il
100%
Ils
100%
ils
100%
J'
100%
l'
100%
la
100%
La
100%
le
100%
Le
100%
les
100%
m'
100%
ma
100%
Mais
100%
mon
100%
Mon
100%
n'
100%
nous
100%
Nous
100%
on
100%
On
100%
peu
100%
Pour
100%
pour
100%
qu'
100%
que
100%
sa
100%
Toujours
100%
toujours
100%
tout
100%
Tu
100%
un
100%
vous
100%
Ăąme
80%
ceux
80%
dans
80%
drame
80%
foute
80%
invite
80%
jamais
80%
Je
80%
je
80%
libre
80%
lui
80%
maison
80%
Oui,
80%
paix ?
80%
paix ?!
80%
qui
80%
sans
80%
seule
80%
Si
80%
suis
80%
Sur
80%
tĂȘtes
80%
toi,
80%
veux
80%
vie,
80%
voulez
80%
vouloir
80%
y
80%
antennes,
60%
asservis
60%
beauté
60%
cesse
60%
changer ?
60%
Combien
60%
cris,
60%
détester
60%
disent
60%
drames
60%
emmerder ?
60%
enfermer
60%
fassent
60%
faut-
60%
féminité
60%
feu,
60%
flamme,
60%
flamme
60%
fond
60%
force,
60%
glacer ?
60%
idéaux
60%
idées
60%
immortelle
60%
incarne
60%
Irrésistible
60%
juger
60%
larmes
60%
leur
60%
leurs
60%
Leurs
60%
liberté ?
60%
macho
60%
mes
60%
ne
60%
objet ?
60%
palace
60%
papiers ?
60%
parfait
60%
pensée
60%
porte
60%
Porte
60%
pourquoi
60%
Quoi
60%
quoi
60%
raison !
60%
réclames
60%
rende
60%
salauds
60%
savoir,
60%
savoir
60%
serait
60%
télé ?
60%
toutes
60%
voie
60%
Ăąmes
40%
asservir
40%
assouvir
40%
belle
40%
bossent
40%
broie ?
40%
cracher
40%
libido
40%
montrait
40%
parler,
40%
peuvent
40%
vraiment
40%
saccagée
20%
irascible
0%
Aucun quiz correspondant
Distribution des résultats
% des personnes avec chaque résultat
Percentile par nombre de réponses
Votre historique - résultats
Vous n’avez pas pris ce quiz